El currículum oculto en la escuela : (Record no. 104189)

MARC details
000 -CABECERA
campo de control de longitud fija 00880nam a2200241 a 4500
005 - FECHA Y HORA DE LA ÚLTIMA TRANSACCIÓN
campo de control 20240924064313.0
008 - ELEMENTOS DE LONGITUD FIJA--INFORMACIÓN GENERAL
campo de control de longitud fija 040219s2001 mx r 000 0 spa d
020 ## - NÚMERO INTERNACIONAL NORMALIZADO PARA LIBROS
Número Internacional Estándar del Libro 9870001580
035 ## - NÚMERO DE CONTROL DEL SISTEMA
Número de control de sistema UPN01000132034
049 ## - COLECCIÓN
Colección CG
050 #4 - SIGNATURA TOPOGRÁFICA DE LA BIBLIOTECA DEL CONGRESO
Número de clasificación LC196
Número de documento/Ítem G6.3
100 1# - ASIENTO PRINCIPAL--NOMBRE PERSONAL
Nombre de persona González de Angelini, Silvia
245 13 - MENCIÓN DE TÍTULO
Título El currículum oculto en la escuela :
Resto del título la pobreza condiciona pero no determina /
Mención de responsabilidad, etc. Silvia González de Angelini, Elena Rio de Landaburu, Silvia Rosales de Vuksanovich.
260 ## - PUBLICACIÓN, DISTRIBUCIÓN, ETC.
Lugar de publicación, distribución, etc. Buenos Aires :
Nombre del editor, distribuidor, etc. Lumen-Hvmanitas,
Fecha de publicación, distribución, etc. 2001.
300 ## - DESCRIPCIÓN FÍSICA
Extensión 158 p.
440 #0 - MENCIÓN DE SERIE/ASIENTO SECUNDARIO--TÍTULO
Título Trabajo social y educación
650 #4 - ASIENTO SECUNDARIO DE MATERIA - TERMINO TEMATICO
Término de materia o nombre geográfico como elemento de entrada Pedagogía crítica
9 (RLIN) 8121
650 #4 - ASIENTO SECUNDARIO DE MATERIA - TERMINO TEMATICO
Término de materia o nombre geográfico como elemento de entrada Educación
Subdivisión de forma Planes y programas
9 (RLIN) 6413
650 #4 - ASIENTO SECUNDARIO DE MATERIA - TERMINO TEMATICO
Término de materia o nombre geográfico como elemento de entrada Igualdad de oportunidades en educación
9 (RLIN) 5002
700 1# - ASIENTO SECUNDARIO--NOMBRE DE PERSONAL
Nombre de persona Rio de Landaburu, Elena,
Término indicativo de función/relación coaut.
700 1# - ASIENTO SECUNDARIO--NOMBRE DE PERSONAL
Nombre de persona Rosales de Vuksanovich, Silvia,
Término indicativo de función/relación coaut.
905 ## - TIPO DE MATERIAL
Tipo de material Libro
Holdings
Estado de retiro Estado de pérdida Fuente del sistema de clasificación o colocación Estado dañado No para préstamo Código de colección Localización permanente Ubicación/localización actual Ubicación en estantería Fecha de adquisición Total de préstamos Renovaciones totales Clasificación Código de barras Fecha visto por última vez Fecha del último préstamo Número de copia Tipo de ítem Koha
    Library of Congress Classification     Colección General Bib. Gregorio Torres Quintero Bib. Gregorio Torres Quintero Planta baja 30/08/2024 44 1 LC196 G6.3 223501 25/09/2025 11/09/2025 1 Libro
    Library of Congress Classification     Colección General Bib. Gregorio Torres Quintero Bib. Gregorio Torres Quintero Planta baja   53   LC196 G6.3 223502 31/12/2020   1 Libro
    Library of Congress Classification     Colección General Bib. Gregorio Torres Quintero Bib. Gregorio Torres Quintero Planta baja 24/09/2024 52   LC196 G6.3 239229 24/09/2025 11/09/2025 1 Libro